[Event "RSA-chT U20"]
[Site "Boksburg"]
[Date "2018.01.05"]
[Round "4.4"]
[White "Waters, Anre"]
[Black "Swart, Dewald"]
[Result "1-0"]
[WhiteElo "1513"]
[BlackElo "986"]
[PlyCount "61"]
[EventDate "2018.01.04"]
[EventType "team-tourn"]
[EventRounds "7"]
[EventCountry "RSA"]
[SourceTitle "CBM 182 Extra"]
[Source "ChessBase"]
[SourceDate "2018.02.23"]
[SourceVersion "1"]
[SourceVersionDate "2018.02.23"]
[SourceQuality "1"]
[WhiteTeam "Ekurhuleni U20"]
[BlackTeam "Kenneth Kaunda U20"]
[WhiteTeamCountry "RSA"]
[BlackTeamCountry "RSA"]

1. d4 d5 2. e3 a6 3. Bd3 Nc6 4. Nf3 Nf6 5. a3 g6 6. b3 Bg7 7. Bb2 0-0 8. 0-0 b5 9. Nbd2 Qd6 10. Ne5 Nd7 11. f4 f6 12. Nxc6 Qxc6 13. c4 Bb7 14. cxd5 Qd6 15. e4 f5 16. exf5 gxf5 17. b4 a5 18. Bxb5 axb4 19. Qe2 Ba6 20. Bxa6 Rxa6 21. axb4 Rxa1 22. Bxa1 Qxb4 23. Qe6+ Rf7 24. Nf3 Nf8 25. Qc6 Qa5 26. Ng5 Rf6 27. Qc4 Kh8 28. d6 exd6 29. Nf7+ Kg8 30. Nh6+ Kh8 31. Qg8# 1-0

[Event "RSA-chT U18"]
[Site "Cape Town"]
[Date "2016.01.04"]
[Round "2.8"]
[White "Bezuidenhout, Zane"]
[Black "Swart, Dewald"]
[Result "0-1"]
[WhiteElo "1014"]
[BlackElo "1134"]
[PlyCount "106"]
[EventDate "2016.01.04"]
[EventType "team-tourn"]
[EventRounds "7"]
[EventCountry "RSA"]
[SourceTitle "CBM 170 Extra"]
[Source "ChessBase"]
[SourceDate "2016.02.25"]
[SourceVersion "1"]
[SourceVersionDate "2016.02.25"]
[SourceQuality "1"]
[WhiteTeam "Sedibeng"]
[BlackTeam "Kenneth Kaunda"]
[WhiteTeamCountry "RSA"]
[BlackTeamCountry "RSA"]

1. e4 e5 2. Nf3 Nc6 3. Bc4 Nf6 4. Nc3 b6 5. d3 d6 6. 0-0 h6 7. Be3 Ng4 8. Qe2 Nb4 9. Rac1 Nxe3 10. Qxe3 Bb7 11. a3 Nc6 12. b4 Be7 13. Rb1 Nd4 14. Nxd4 exd4 15. Qxd4 Bf6 16. Qe3 Bxc3 17. d4 Bxd4 18. Qxd4 0-0 19. Rfe1 c5 20. Qd3 cxb4 21. axb4 a5 22. b5 Re8 23. Bd5 Bxd5 24. exd5 Rxe1+ 25. Rxe1 Rc8 26. c4 a4 27. g3 g6 28. Qe2 h5 29. Ra1 Ra8 30. f4 Qc8 31. Ra2 a3 32. Kg2 Qc5 33. Kf3 Ra4 34. Qe8+ Kg7 35. Qc6 Qxc4 36. Qxc4 Rxc4 37. Rxa3 Rc5 38. Rb3 Rxd5 39. Ke4 Rd2 40. h4 Kf6 41. Rd3 Rxd3 42. Kxd3 Ke6 43. Ke4 d5+ 44. Kd4 f6 45. Ke3 Kd6 46. Kd4 f5 47. Kc3 Kc5 48. Kd3 d4 49. Kd2 Kxb5 50. Kd3 Kc5 51. Kd2 b5 52. Kd3 b4 53. Kc2 Kc4 0-1